LIBRARY & INFORMATION CENTRE, KCAET, TAVANUR

ONLINE PUBLIC ACCESS CATALOGUE (OPAC)

Advance Techniques in d Base 111 Plus Programmers: | Reference Guide (Record no. 19302)

MARC details
000 -LEADER
fixed length control field 00324nam a22001217a 4500
003 - CONTROL NUMBER IDENTIFIER
control field OSt
008 - FIXED-LENGTH DATA ELEMENTS--GENERAL INFORMATION
fixed length control field 250205b |||||||| |||| 00| 0 eng d
041 ## - LANGUAGE CODE
Language code of text/sound track or separate title eng
100 ## - MAIN ENTRY--AUTHOR NAME
Personal name Alan Simpson
245 ## - TITLE STATEMENT
Title Advance Techniques in d Base 111 Plus Programmers:
Remainder of title Reference Guide
260 ## - PUBLICATION, DISTRIBUTION, ETC. (IMPRINT)
Name of publisher BPB Publications,
Year of publication 1986.
942 ## - ADDED ENTRY ELEMENTS (KOHA)
Koha item type Books
Holdings
Withdrawn status Lost status Damaged status Home library Current library Date acquired Cost, normal purchase price Accession Number Koha item type Public note
Withdrawn     KAUAET KAUAET 05/02/2025 150.00 17822 Books Withdrawn as per order no A3-1008/2003 dated 25/04/2003
free website counter